|
|
|
|
| LEADER |
01438nam a2200349 4500 |
| 001 |
DLU110118907 |
| 005 |
##20110322 |
| 040 |
# |
# |
|a DLU
|b vie
|
| 041 |
# |
# |
|a vie
|
| 044 |
# |
# |
|a vn
|
| 082 |
# |
# |
|a 658.409 2
|b NG-D
|
| 100 |
# |
# |
|a Nguyễn Văn Dung.
|
| 245 |
# |
# |
|a Văn hoá tổ chức & lãnh đạo /
|c Nguyễn Văn Dung, Phan Đình Quyền, Lê Việt Hưng.
|
| 246 |
# |
# |
|a Văn hoá tổ chức và lãnh đạo :
|b Dành cho sinh viên Đại học, cao học ngành Quản trị - Kinh tế; Giám đốc nhân sự, giám đốc PR, CEO
|
| 260 |
# |
# |
|a H. :
|b Giao thông Vận tải,
|c 2010.
|
| 300 |
# |
# |
|a 426 tr. ;
|c 24 cm.
|
| 505 |
# |
# |
|a Phần 1. Văn hoá là gì và văn hoá có tác dụng gì? -- Phần 2. Các phương diện của văn hoá -- Phần 3. Cách thức nghiên cứu và diễn giải văn hoá -- Phần 4. Vai trò của lãnh đạo trong việc xây dựng văn hoá -- Phần 5. Quá trình tiến hoá của văn hoá và lãnh đạo -- Phần 6. Văn hoá học hỏi & nhà lãnh đạo học hỏi.
|
| 653 |
# |
# |
|a Quản lý nhân sự
|
| 653 |
# |
# |
|a Văn hoá tổ chức
|
| 700 |
# |
# |
|a Lê Việt Hưng,
|c ThS.
|
| 700 |
# |
# |
|a Phan Đình Quyền,
|c TS.
|
| 923 |
# |
# |
|a 01/2011
|
| 991 |
# |
# |
|a GT
|
| 992 |
# |
# |
|a 94000
|
| 994 |
# |
# |
|a DLU
|
| 900 |
# |
# |
|a True
|
| 911 |
# |
# |
|a Đào Thị Thu Huyền
|
| 925 |
# |
# |
|a G
|
| 926 |
# |
# |
|a A
|
| 927 |
# |
# |
|a SH
|
| 980 |
# |
# |
|a Thư viện Trường Đại học Đà Lạt
|